"I want a home with no problems". (Record no. 14642)

000 -LEADER
fixed length control field 00517nam a2200181 a 4500
001 - CONTROL NUMBER
control field :::00012475$&:&@@
003 - CONTROL NUMBER IDENTIFIER
control field OkBaRHE
005 - DATE AND TIME OF LATEST TRANSACTION
control field 20000607103419.0
008 - FIXED-LENGTH DATA ELEMENTS--GENERAL INFORMATION
fixed length control field s1978 j 000 0 eng u
040 ## - CATALOGING SOURCE
Transcribing agency
100 1# - MAIN ENTRY--PERSONAL NAME
Personal name Kesler, Jay.
245 11 - TITLE STATEMENT
Title "I want a home with no problems".
260 ## - PUBLICATION, DISTRIBUTION, ETC. (IMPRINT)
Place of publication, distribution, etc Waco, TX., :
Name of publisher, distributor, etc Word Books
Date of publication, distribution, etc 1978
300 ## - PHYSICAL DESCRIPTION
Extent 159 p. ;
Dimensions 23 cm.
650 ## - SUBJECT ADDED ENTRY--TOPICAL TERM
Topical term or geographic name as entry element Marriage
942 ## - ADDED ENTRY ELEMENTS (KOHA)
Source of classification or shelving scheme
Koha item type Books
Copies
Koha item type Full call number Damaged status Shelving location Date acquired Not for loan Withdrawn status Copy number Barcode Lost status Price effective from Permanent Location Source of classification or shelving scheme Date last seen
BooksHQ 734 .K42 General Stacks2010-04-14  112475 2010-04-14RHEMA Bible Training College 2010-04-14